"Poemas y versiones` (Record no. 121651)

MARC details
000 -LEADER
campo de control de longitud fija 00720nam a2200205 4500
001 - NÚMERO DE CONTROL
campo de control 121651
003 - IDENTIFICADOR DE NÚMERO DE CONTROL
campo de control ES-MaACL
005 - FECHA Y HORA DE LA ÚLTIMA TRANSACCIÓN
campo de control 20230906191807.0
007 - CAMPO FIJO DE DESCRIPCIÓN FÍSICA--INFORMACIÓN GENERAL
campo de control de longitud fija t|
008 - DATOS DE LONGITUD FIJA--INFORMACIÓN GENERAL
campo de control de longitud fija 070214q1984 xxu r ||||1| spa d
100 1# - ENTRADA PRINCIPAL--NOMBRE DE PERSONA
Nombre de persona Portala, César A.
9 (RLIN) 93193
245 11 - MENCIÓN DEL TÍTULO
Título "Poemas y versiones`
Resto del título : tres épocas /
Mención de responsabilidad, etc. de César A. Portala.
260 ## - PUBLICACIÓN, DISTRIBUCIÓN, ETC.
Lugar de publicación, distribución, etc. New York :
Nombre del editor, distribuidor, etc. César A. Portala,
Fecha de publicación, distribución, etc. [1984?]
300 ## - DESCRIPCIÓN FÍSICA
Extensión 28 h. ;
Dimensiones 25 cm.
505 8# - NOTA DE CONTENIDO CON FORMATO
Nota de contenido con formato Contiene: 1932/1934 : Amores de estudiante. 1956/1959 : 22 años después. 1979/1984 : 20 años después.
740 0# - ENTRADA AGREGADA--TÍTULO RELACIONADO/ANALÍTICO NO CONTROLADO
Título relacionado o analítico no controlado 1932/1934 : Amores de estudiante.
740 0# - ENTRADA AGREGADA--TÍTULO RELACIONADO/ANALÍTICO NO CONTROLADO
Título relacionado o analítico no controlado 1956/1959 : 22 años después.
740 0# - ENTRADA AGREGADA--TÍTULO RELACIONADO/ANALÍTICO NO CONTROLADO
Título relacionado o analítico no controlado 1979/1984 : 20 años después.
852 ## - LOCALIZACIÓN
Ubicación ES-MaACL
Número de control de estantería 2130-F-39
Sublocalización o colección R.108290
Holdings
Estatus retirado Estado de pérdida Estado de daño No para préstamo Colección Biblioteca de origen Biblioteca actual Ubicación en estantería Fecha de adquisición Fuente de adquisición Total de préstamos Signatura topográfica completa Código de barras Visto por última vez Precio de reemplazo Tipo de ítem Koha
        Colección de folletos Biblioteca del Ateneo de Madrid Biblioteca del Ateneo de Madrid Depósito folletos 17/01/2008     2130-F-39 1126776 23/02/2023 23/02/2023 Folleto